Guidelines for facility siting and layout (Record no. 45168)

MARC details
000 -LEADER
fixed length control field 01165nam a2200229 a 4500
001 - CONTROL NUMBER
control field 13275558
008 - FIXED-LENGTH DATA ELEMENTS--GENERAL INFORMATION
fixed length control field 180917s2003 ||||||||||||||||| || u
010 ## - LIBRARY OF CONGRESS CONTROL NUMBER
LC control number 2003015938
020 ## - INTERNATIONAL STANDARD BOOK NUMBER
International Standard Book Number 0816908990 (Hardcover)
050 ## - LIBRARY OF CONGRESS CALL NUMBER
Classification number TP 155.5 Gui
110 ## - MAIN ENTRY--CORPORATE NAME
Corporate name or jurisdiction name as entry element American Institute of Chemical Engineers. Center for Chemical Process Safety
245 10 - TITLE STATEMENT
Title Guidelines for facility siting and layout
Statement of responsibility, etc. The Center for Chemical Process Safety
260 ## - PUBLICATION, DISTRIBUTION, ETC.
Place of publication, distribution, etc. New York:
Name of publisher, distributor, etc. Center for Chemical Process Safety of the American Institute of Chemical Engineers
Date of publication, distribution, etc. 2003
300 ## - PHYSICAL DESCRIPTION
Extent xii, 198p.: ill.
500 ## - GENERAL NOTE
General note Includes bibliographical references (p. 179-182) and index
650 #0 - SUBJECT ADDED ENTRY--TOPICAL TERM
Topical term or geographic name entry element CHEMICAL PLANTS--LOCATION--STANDARDS--UNITED STATES
650 #0 - SUBJECT ADDED ENTRY--TOPICAL TERM
Topical term or geographic name entry element PLANT LAYOUT STANDARDS--UNITED STATES
650 #0 - SUBJECT ADDED ENTRY--TOPICAL TERM
Topical term or geographic name entry element CHEMICAL PLANTS--SAFETY MEASURES--STANDARS--UNITED STATES
856 ## - ELECTRONIC LOCATION AND ACCESS
Uniform Resource Identifier <a href="http://www.loc.gov/catdir/enhancements/fy0614/2003015938-t.html">http://www.loc.gov/catdir/enhancements/fy0614/2003015938-t.html</a>
856 ## - ELECTRONIC LOCATION AND ACCESS
Uniform Resource Identifier <a href="http://www.loc.gov/catdir/enhancements/fy0614/2003015938-d.html">http://www.loc.gov/catdir/enhancements/fy0614/2003015938-d.html</a>
995 ## - RECOMMENDATION 995 [LOCAL, UNIMARC FRANCE]
-- CBU-MAIN LIBRARY (Kitwe)
-- 44.02
-- 1
-- AVAILABLE
-- Sep 27, 2018
-- Main Library Open Access Collection
Holdings
Withdrawn status Lost status Source of classification or shelving scheme Damaged status Not for loan Home library Current library Shelving location Date acquired Total Checkouts Full call number Barcode Date last seen Price effective from Koha item type
          CBU-MAIN LIBRARY, KITWE. CBU-MAIN LIBRARY, KITWE.   11/30/2022   TP 155.5 Gui 748641 11/30/2022 11/30/2022 MONOGRAPH